Invincible: Characters by Picture - Statistics

General Stats
  • This quiz has been taken 3,061 times
    2,929 since last reset
  • The average score is 33 of 67
Answer Stats
Picture Answer % Correct
Invincible
99%
Omni-Man
99%
Atom Eve
98%
Cecil Stedman
97%
Immortal
95%
Kid Omni-Man
95%
Rex Splode
95%
Allen the Alien
94%
Debbie Grayson
93%
Robot
93%
Dupli-Kate
89%
Amber Bennett
87%
Angstrom Levy
85%
Monster Girl
85%
William Clockwell
85%
Conquest
82%
Donald Ferguson
80%
Battle Beast
79%
Bulletproof
77%
Anissa
75%
Shapesmith
73%
Art Rosenbaum
71%
Shrinking Rae
71%
Black Samson
66%
Kregg
58%
Damien Darkblood
56%
Lucan
56%
Darkwing II
55%
Multi-Paul
55%
Doc Seismic
54%
Darkwing
53%
Red Rush
52%
D.A. Sinclair
49%
Powerplex
48%
Machine Head
45%
Mauler Twins
43%
Green Ghost II
42%
Thula
42%
Titan
42%
War Woman
42%
Thaedus
41%
Martian Man
38%
Rick Sheridan
35%
Space Racer
34%
Elephant
29%
Isotope
28%
Aquarus
26%
King Lizard
25%
Vidor
25%
Mister Liu
23%
Agent Spider
21%
Killcannon
20%
Hail Mary
19%
Telia
19%
The Giant
13%
Omnipotus
10%
Queen Lizard
10%
Tether Tyrant
9%
Ka-Hor
8%
Magmaniac
8%
Octoboss
6%
Director Radcliffe
5%
Bi-Plane
4%
Steven Erickson
4%
Man Kong
3%
Phase Two
3%
Elias Brandyworth
2%
No matching quizzes found
Score Distribution
Percent of People with Each Score
Percentile by Number Answered
Your Score History
You have not taken this quiz since the last reset